[Event "Esbjerg Skak 100 aar 2022 - Weekend"]
[Site "Esbjerg"]
[Date "2022.10.21"]
[Round "1.1"]
[White "Pedersen, Nicolai Vesterbaek"]
[Black "Pedersen, Lars Wisler"]
[Result "1-0"]
[WhiteElo "2367"]
[BlackElo "1847"]
[EventDate "2022.10.21"]
[EventType "swiss"]
[EventRounds "7"]
[EventCountry "DEN"]

1. d4   d5   2. c4   e6 
 3. Nc3   Nf6   4. cxd5   Nxd5
  5. e4  
Nf6   6. Nf3   Bb4   7. Qa4+ 
 Nc6   8. Bb5   Bxc3+   9. bxc3
  Bd7   10.
e5   Nd5  
11. Bg5   Nde7   12. Qb3   a6 
 13. Bd3   Rb8   14. O-O   O-O
  15. Qc2  
h6   16. Bh4   Qe8   17. Qe2 
 Nd5   18. Qe4   f5   19. exf6
  Nxf6   20.
Bxf6   Rxf6   21. Qh7+   Kf8 
 22. Ne5   Nxe5   23. dxe5   Rf4
  24. Bg6  
Rf7   25. Rfd1   Ke7   26. Rd4 
 Qf8   27. Rad1   Bc6   28. Bxf7
  Qxf7   29.
Rg4   Rg8  
30. Rdd4   Qf5   31. Rxg7+   Rxg7 
 32. Qxg7+   Ke8   33. Qg8+   Ke7
  34. Qd8+   Kf7   35. Qxc7+ 
 Kg6   36. h3   h5   37. Qd6
  Qb1+   38.
Kh2   Qf5  39. f3   Bd5   40. Rxd5
  Qf4+   41.
Kh1   Qc1+   42. Rd1   Qxc3 
 43. Qxe6+   1-0

[Event "Esbjerg Skak 100 aar 2022 - Weekend"]
[Site "Esbjerg"]
[Date "2022.10.21"]
[Round "1.2"]
[White "Madsen, Jan"]
[Black "Ramsdal, Jens Albert"]
[Result "0-1"]
[WhiteElo "1781"]
[BlackElo "2318"]
[EventDate "2022.10.21"]
[EventType "swiss"]
[EventRounds "7"]
[EventCountry "DEN"]

1. e4   c5   2. Nf3   d6 
 3. c3   Nf6   4. e5   dxe5
  5. Nxe5  
Nbd7   6. f4   e6   7. d4 
 Be7   8. Be2   O-O   9. Be3
  Nd5   10.
Qd2   Nxe3   11. Qxe3   Nxe5 
 12. fxe5   Bg5   13. Qe4   Bd7
  14. h4  
Bc6   15. Qg4   Be3   16. Rh3 
 cxd4   17. Rg3   Bh6   18. cxd4
  f5   19.
exf6   Qxf6   20. Bf3   Rad8 
 21. Bxc6   Qf1#  0-1

[Event "Esbjerg Skak 100 aar 2022 - Weekend"]
[Site "Esbjerg"]
[Date "2022.10.21"]
[Round "1.3"]
[White "Boe, Mads"]
[Black "Krueger, Henrik"]
[Result "1-0"]
[WhiteElo "2299"]
[BlackElo "1685"]
[EventDate "2022.10.21"]
[EventType "swiss"]
[EventRounds "7"]
[EventCountry "DEN"]

1. d4   Nf6   2. Nf3   g6 
 3. Bg5   Bg7   4. e3   O-O
  5. Bd3  
d5   6. O-O   c5   7. c3 
 Nbd7   8. h3   b6   9. Nbd2
  Bb7   10.
a4   Re8  
11. Bf4   Nh5   12. Bh2   e5 
 13. dxe5   Bxe5   14. Nxe5   Nxe5
  15. Be2  
Ng7   16. Nf3   f6   17. a5 
 a6   18. b4   b5   19. Qb3
  Kh8   20.
Rfd1   c4  
21. Qb2   Nf5   22. Nxe5   fxe5 
 23. e4   Ng7   24. exd5   Qf6
  25. Qc2  
e4   26. Qd2   Rad8   27. Qd4 
 Qxd4   28. Rxd4  Rxd5   29. Rxd5 
 Bxd5   30. Rd1   Bb7   31. Rd7
  Bc8   32.
Rc7   h5  
33. Bf4   Kg8   34. Be3   Nf5 
 35. Bc5  Ng7   36. Ra7   Ne6 
 37. Be3   Kf8   38. g4   h4
  39. Bf1  
g5   40. Bg2   Nf4   41. Bf1 
 Re7   42. Bc5   1-0

[Event "Esbjerg Skak 100 aar 2022 - Weekend"]
[Site "Esbjerg"]
[Date "2022.10.21"]
[Round "1.4"]
[White "Sandmann, Villads Majvang"]
[Black "Loftgaard, Mikkel Vinh"]
[Result "1-0"]
[WhiteElo "1761"]
[BlackElo "2091"]
[EventDate "2022.10.21"]
[EventType "swiss"]
[EventRounds "7"]
[EventCountry "DEN"]

1. e4   c5   2. Nf3   e6 
 3. d4   cxd4   4. Nxd4   Nf6
  5. Nc3  
Bb4   6. e5   Nd5   7. Bd2 
 O-O   8. Nxd5   Bxd2+   9. Qxd2
  exd5   10.
O-O-O   Nc6   11. f4   d6 
 12. exd6   Qxd6   13. Be2   Be6
  14. g3  
Rac8   15. Kb1   Qc5   16. c3 
 a5   17. Rhe1   Nxd4   18. Qxd4
  b5   19.
Qxc5   Rxc5   20. Rd4   Bf5+ 
 21. Bd3   Bxd3+   22. Rxd3   1-0

[Event "Esbjerg Skak 100 aar 2022 - Weekend"]
[Site "Esbjerg"]
[Date "2022.10.21"]
[Round "1.5"]
[White "Borsus, Bogdan"]
[Black "Dige, Esben"]
[Result "1-0"]
[WhiteElo "2170"]
[BlackElo "1689"]
[EventDate "2022.10.21"]
[EventType "swiss"]
[EventRounds "7"]
[EventCountry "DEN"]

1. e4   c5   2. c3   Nf6 
 3. e5   Nd5   4. d4   cxd4
  5. Nf3  
e6   6. cxd4   Nc6   7. Nc3 
 Bb4   8. Bd2   Nxc3   9. bxc3
  Be7   10.
Bd3   d5  
11. exd6   Bxd6   12. O-O   Qc7 
 13. c4   Bd7   14. Rb1   h6
  15. c5  
Be7   16. g3   Bf6   17. Bf4 
 Qa5   18. Rxb7   Nxd4   19. Rxd7
  Kxd7   20.
Ne5+   Bxe5   21. Bxe5   Qxc5 
 22. Bxd4   Qd5   23. Bxg7   Rhc8
  24. Be4  
1-0

[Event "Esbjerg Skak 100 aar 2022 - Weekend"]
[Site "Esbjerg"]
[Date "2022.10.21"]
[Round "1.6"]
[White "Horslund, Mikael"]
[Black "Jarlskov, Daniel Tuk Hartso"]
[Result "0-1"]
[WhiteElo "1730"]
[BlackElo "2177"]
[EventDate "2022.10.21"]
[EventType "swiss"]
[EventRounds "7"]
[EventCountry "DEN"]

1. b4   Nf6   2. Bb2   g6 
 3. c4   Bg7   4. Nf3   O-O
  5. e3  
d6   6. d4   Re8   7. h3 
 c5   8. dxc5   dxc5   9. Qxd8
  Rxd8   10.
bxc5   Na6   11. c6   Nb4 
 12. Na3   Nxc6   13. Nb5   Bf5
  14. Nbd4   Ne4   15. g4 
 Bc8   16. Bd3   Nc5   17. Be2
  Nb4   18.
O-O   e5  
19. Nb5   Nbd3   20. Bc3   e4 
 21. Nfd4   h5   22. Nc7   Rb8
 23. Nd5   Na4   24. Bd2   Nab2
  25. Rfb1   Nxc4   0-1

[Event "Esbjerg Skak 100 aar 2022 - Weekend"]
[Site "Esbjerg"]
[Date "2022.10.21"]
[Round "1.7"]
[White "Easwaralingam, Adesh"]
[Black "Madsen, Egon Rysgaard"]
[Result "1-0"]
[WhiteElo "2161"]
[BlackElo "1703"]
[EventDate "2022.10.21"]
[EventType "swiss"]
[EventRounds "7"]
[EventCountry "DEN"]

1. e4   e5   2. Nf3   Nc6 
 3. Bb5   Nf6   4. d3   d6
  5. O-O  
Be7   6. c3   O-O   7. h3 
 a6   8. Ba4   b5   9. Bc2
  d5   10.
exd5   Nxd5   11. Re1   f6 
 12. Nbd2   Bf5   13. Ne4   Qd7
  14. Ng3  
Bg6   15. Nh4   Rfe8   16. Nxg6 
 hxg6   17. d4   Nf4   18. Bxf4
  exf4   19.
Bxg6   fxg3  20. Qh5  gxf2+   21. Kxf2 
 1-0

[Event "Esbjerg Skak 100 aar 2022 - Weekend"]
[Site "Esbjerg"]
[Date "2022.10.21"]
[Round "1.8"]
[White "Christensen, Michael Rene"]
[Black "Schmidt, Tommy B"]
[Result "0-1"]
[WhiteElo "1667"]
[BlackElo "2165"]
[EventDate "2022.10.21"]
[EventType "swiss"]
[EventRounds "7"]
[EventCountry "DEN"]

1. d4   Nf6   2. Nf3   g6 
 3. Bf4   Bg7   4. Nbd2   d5
  5. e3  
c6   6. Bd3   Bf5   7. Qe2 
 Nbd7   8. O-O   Bxd3   9. Qxd3
  Nh5   10.
c3   Nxf4  11. exf4  e6   12. Rfe1 
 O-O   13. Ne5   Rc8   14. Ndf3
  Nxe5   15.
fxe5   c5  
16. Rac1   Bh6   17. Rc2   cxd4 
 18. cxd4   Rxc2   19. Qxc2   Qd7
  20. g4  
Rc8   21. Qd3   Qa4   22. g5 
 Bf8   23. a3   Qc2   24. Qxc2
  Rxc2   25.
Rb1   h6  
26. h4   hxg5   27. hxg5   Be7 
 28. Kg2   Kf8   29. Kg3   Ke8
  30. Ne1  
Rd2   31. Nf3  Re2   32. b4   Ra2
  33. Rb3  
Kd7   34. Rc3   a5   35. bxa5 
 Rxa3   36. Rxa3   Bxa3   37. Nd2
  Kc6   38.
Kf3   Kb5  
39. Ke3   Bc1   40. Kd3   Bxd2 
 41. Kxd2   Kxa5   42. Kc3   Ka4
  43. Kb2  
Kb4   44. f3   b6   0-1

[Event "Esbjerg Skak 100 aar 2022 - Weekend"]
[Site "Esbjerg"]
[Date "2022.10.21"]
[Round "2.1"]
[White "Andersen, Jacob Buris"]
[Black "Pedersen, Nicolai Vesterbaek"]
[Result "0-1"]
[WhiteElo "1944"]
[BlackElo "2367"]
[EventDate "2022.10.21"]
[EventType "swiss"]
[EventRounds "7"]
[EventCountry "DEN"]

1. d4   Nf6   2. Nf3   g6 
 3. c4   Bg7   4. Nc3   O-O
  5. e4  
d6   6. Be2   e5   7. O-O 
 Bg4   8. Be3   Bxf3   9. Bxf3
  exd4   10.
Bxd4   Nc6   11. Be3   Re8 
 12. Rb1   Nd7   13. Qd2   a5
  14. Bg5  
Qc8   15. Bg4   Nce5   16. Bxd7 
 Qxd7   17. b3   f5   18. Rfe1
  Nf7   19.
Nd5   Nxg5   20. Qxg5   Rxe4 
 21. Rxe4   fxe4   22. Re1   Re8
  23. Ne3  
Re5   24. Qf4   Qf7   25. Qg4 
 Qe6   26. Qxe6+   Rxe6   27. Nd5
  c6   28.
Nf4   Re5  
29. Rd1   Rf5   30. Ne2   Be5 
 31. Ng3   Bxg3   32. hxg3  d5 
 33. cxd5   cxd5   34. Rd4   b5
  35. a3  
Kf7   36. Kf1   Ke6  37. Ke2  Ke5   38. Ke3   Rxf2
  39. Rxd5+   Kxd5   40. Kxf2 
Ke5  0-1

[Event "Esbjerg Skak 100 aar 2022 - Weekend"]
[Site "Esbjerg"]
[Date "2022.10.21"]
[Round "2.2"]
[White "Ramsdal, Jens Albert"]
[Black "Madsen, Jens Ingemann"]
[Result "1/2-1/2"]
[WhiteElo "2318"]
[BlackElo "1933"]
[EventDate "2022.10.21"]
[EventType "swiss"]
[EventRounds "7"]
[EventCountry "DEN"]

1. e4   e5   2. Nf3   Nc6 
 3. Bb5   a6   4. Ba4   Nf6
  5. O-O  
Nxe4   6. d4   b5   7. Bb3 
 d5   8. dxe5   Be6   9. c3
  Be7   10.
Nbd2   Nc5   11. Bc2   Bg4 
 12. Re1   O-O   13. Nf1   Ne6
  14. Ng3  
Ng5   15. Bxg5   Bxg5   16. h3 
 Be6   17. Qd3   g6   18. Rad1
  Bh6   19.
Nh5   Bf5  
20. Nf6+   Kh8   21. Qe2   Be6 
 22. Nd4   Ne7   23. Nb3   Rc8
  24. Nc5  
c6   25. Qf3   Bg7   26. g4 
 a5   27. Rd4   Rc7   28. h4
  Qc8   29.
Kg2   Ng8  
30. g5   Ne7   31. h5   Nf5 
 32. Bxf5   Bxf5   33. hxg6   fxg6
  34. Rh1  
Bxf6   35. gxf6   Qe8   36. Qg3 
 Qf7   37. Rdh4   h5   38. Qg5
  Qe8   39.
f4   Rh7  
40. Re1   b4   41. e6   bxc3 
 42. bxc3  Qc8   43. e7   Re8 
 44. Re5   Qb8   45. Nd3   Bxd3
 46. Qg3  Be4+   47. Kg1   Qb1+ 
 48. Kf2   Qc2+   49. Kg1  Qd1+ 
 50. Kf2   Qd2+   51. Kg1   Qd1+
  52. Kf2  
Qd2+  53. Kg1  Qd1+   1/2-1/2

[Event "Esbjerg Skak 100 aar 2022 - Weekend"]
[Site "Esbjerg"]
[Date "2022.10.21"]
[Round "2.3"]
[White "Thorsen, Adrian Stenstrop"]
[Black "Boe, Mads"]
[Result "0-1"]
[WhiteElo "1934"]
[BlackElo "2299"]
[EventDate "2022.10.21"]
[EventType "swiss"]
[EventRounds "7"]
[EventCountry "DEN"]

1. d4   f5   2. Nc3   d5 
 3. Bf4   a6   4. e3   Nf6
  5. Nf3  
e6   6. Bd3   c5   7. dxc5 
 Bxc5   8. O-O   Nc6   9. Ne2
  Qe7   10.
Ne5   O-O  
11. c4   Nb4   12. a3   Nxd3 
 13. Nxd3   Ba7   14. cxd5   Nxd5
  15. Be5  
b5   16. Ndf4   Bb7   17. Nxd5 
 Bxd5   18. Nd4   Rac8   19. Rc1
  Qb7   20.
f3   Rfd8  
21. Qe1   Bc4   22. Rf2   Qd5 
 23. f4   Qd7   24. Rd2   Bd5
  25. Rcd1  Qf7  26. Qg3   Bxd4 
 27. Bxd4   Re8   28. Be5   Rc4
  29. h3  
Rec8   30. Qg5   h6   31. Qh4 
 Rc2   32. Kh2   Kh7   33. Qf2
  R2c4   34.
Rd4   R4c6   35. R4d2   a5 
 36. Bc3   Qa7   37. Qg3   R8c7
  38. Qh4  
Rb7   39. Qg3   b4   40. axb4 
 axb4  41. Bd4  Qb8   42. Qh4   Qe8
  43. Be5  
b3   44. g4   Rc2   45. g5 
 Qg6   46. Bc3   Rc7   47. Bd4
  Be4   48.
Qg3   Qh5  
49. Qg1   Qf3   50. gxh6   gxh6 
 51. Rxc2   Rxc2+   0-1

[Event "Esbjerg Skak 100 aar 2022 - Weekend"]
[Site "Esbjerg"]
[Date "2022.10.21"]
[Round "2.4"]
[White "Saravana, Vedant Kumar"]
[Black "Borsus, Bogdan"]
[Result "1/2-1/2"]
[WhiteElo "1869"]
[BlackElo "2170"]
[EventDate "2022.10.21"]
[EventType "swiss"]
[EventRounds "7"]
[EventCountry "DEN"]

1. e4   e5   2. Nf3   Nc6 
 3. Bc4   Nf6   4. d3   h6
  5. O-O  
d6   6. c3   Bd7   7. Bb3 
 g6   8. Re1   Bg7   9. d4
  O-O   10.
Nbd2   Nh7   11. Nf1   Ng5 
 12. Nxg5   hxg5   13. Be3   Re8
  14. Ng3  
Na5   15. Qd2   Nxb3   16. axb3 
 g4   17. Rf1   a6   18. d5
  Qe7   19.
Rae1   c6  
20. c4   cxd5   21. cxd5   Bb5 
 22. Ne2   Rac8   23. Rc1   Qd7
  24. f3  
gxf3   25. Rxf3   Rxc1+   26. Nxc1 
 Rc8   27. Ne2   Bxe2   28. Qxe2
  Qg4   29.
Qd3   f5  
30. Rg3   fxe4   31. Qd2   Qf5 
 32. Qb4   Bf8   33. Rg5   Qf7
  34. Qxe4   Kg7   35. Rg3 
 Be7   36. Rf3   Qg8   37. Rg3
  Qf7   38.
Rf3   Qg8  
39. Rg3   Qf7   40. Rf3  Qg8  
1/2-1/2

[Event "Esbjerg Skak 100 aar 2022 - Weekend"]
[Site "Esbjerg"]
[Date "2022.10.21"]
[Round "2.5"]
[White "Jarlskov, Daniel Tuk Hartso"]
[Black "Zander, Emil"]
[Result "0-1"]
[WhiteElo "2177"]
[BlackElo "1874"]
[EventDate "2022.10.21"]
[EventType "swiss"]
[EventRounds "7"]
[EventCountry "DEN"]

1. c4   e5   2. Nc3   Nf6 
 3. g3   c6   4. d4   exd4
  5. Qxd4  
d5   6. Bg2   dxc4   7. Qxd8+ 
 Kxd8   8. Bg5   Be7   9. O-O-O+
  Ke8   10.
Rd4   Be6  
11. Nb5   Na6   12. Na3   c3 
 13. Nc4   cxb2+   14. Kxb2   Rd8
  15. Rxd8+   Kxd8   16. Na5 
 Kc8   17. Nf3   h6   18. Be3
  Bb4   19.
Nb3   Nd5  
20. Bd4   f6   21. e4   Nb6 
 22. e5   Nc4+   23. Kc2   Bf5+
  24. Kd1  
c5   25. Nh4   Be6   26. Ba1 
 Nxe5   27. Bxe5   fxe5   28. Ng6
 Rd8+   29. Ke2   Bc4+   30. Ke3
  Rd3+   31.
Ke4   Rd6  
32. Ne7+   Kd7   33. Nf5   Bd5+ 
 34. Kxe5   Bxg2   35. Nxd6   Bxh1
  36. Ne4  
Bxe4   37. Kxe4   Ke6   38. f4 
 g6   39. g4   Nc7   40. Nc1
  c4   41.
Kd4   b5  
42. Ne2   Nd5   43. f5+   gxf5 
 44. gxf5+  Kd6   45. Ng3   Bc5+ 
 46. Ke4  Nf6+  47. Kf4
  c3   48.
Ne2  c2  49. h4   Ba3   0-1

[Event "Esbjerg Skak 100 aar 2022 - Weekend"]
[Site "Esbjerg"]
[Date "2022.10.21"]
[Round "2.6"]
[White "Hansen, Aksel"]
[Black "Easwaralingam, Adesh"]
[Result "0-1"]
[WhiteElo "1789"]
[BlackElo "2161"]
[EventDate "2022.10.21"]
[EventType "swiss"]
[EventRounds "7"]
[EventCountry "DEN"]

1. d4   Nf6   2. Nf3   d5 
 3. Bf4   c5   4. e3   Nc6
  5. c3  
Qb6   6. Qc2   g6   7. dxc5 
 Qxc5   8. Nd4   Bg7   9. Bd3
  O-O   10.
Nxc6   Qxc6   11. O-O   Nh5 
 12. Bg5   e5   13. Be7   Re8
  14. Ba3  
b5   15. Nd2   f5   16. Be2 
 Nf6   17. Nf3   a6   18. Rac1
  Bh6   19.
Kh1   f4  
20. exf4   Bxf4   21. Rcd1   Qc7 
 22. g3   Bh6   23. b3   Bf5
  24. Qb2  
Rac8   25. Nh4   Bh3   26. Ng2 
 Qxc3   27. Qxc3   Rxc3   28. Bc1
 Bg7   29. Bd2   Rc6   30. a4
  bxa4   31.
bxa4  Be6   32. Bg5   Ne4   33. Bc1
  Nc3   34.
Rde1   Nxe2  35. Rxe2  d4   36. f4 
 Bg4   37. Ra2   e4   38. Ba3
  Rec8   39.
Re1   e3  
40. Nxe3   dxe3   41. Rxe3  Be6  
42. Rd2   Bh3   43. Kg1   Bf6 
 44. Bd6   Rc4   45. Be5   Be7
  46. Red3   Bc5+   47. Bd4 
 Bf5   0-1

[Event "Esbjerg Skak 100 aar 2022 - Weekend"]
[Site "Esbjerg"]
[Date "2022.10.21"]
[Round "2.7"]
[White "Schmidt, Tommy B"]
[Black "Skaelbaek, Noah"]
[Result "1/2-1/2"]
[WhiteElo "2165"]
[BlackElo "1819"]
[EventDate "2022.10.21"]
[EventType "swiss"]
[EventRounds "7"]
[EventCountry "DEN"]

1. d4   d5   2. c4   c6 
 3. Nf3   Nf6   4. e3   e6
  5. b3  
Nbd7   6. Bd3   Bd6   7. Bb2 
 O-O   8. O-O   Re8   9. Ne5
  c5   10.
f4   b6  
11. Nd2   Bb7   12. cxd5   Nxd5 
 13. Bxh7+   Kf8   14. Qf3   N7f6
  15. Bd3  
Rb8   16. Qh3   Qc7   17. Rac1 
 a6   18. a3   b5   19. dxc5
  Bxc5   20.
Bd4   Bxd4   21. Rxc7   Bxe3+ 
 22. Kh1   Nxc7   23. Qxe3   Red8
  24. Bc2  
Ncd5   25. Qc5+   Kg8   26. Ndf3 
 Rbc8   27. Qf2   Ng4   28. Qh4
  Nxe5  29. Qh7+  Kf8   30. fxe5 
 Ne3   31. Rc1   Bxf3   32. gxf3
  Rxc2   33.
Qxc2   Nxc2   34. Rxc2  Rd3  
35. Rc8+   Ke7  36. Rc7+
  Ke8  37. Rc8+   Kd7   38. Rf8
  Ke7   39.
Rb8   Rxb3   40. Rb7+  Ke8  41. Rb8+  Ke7   42. Rb7+ 
 Ke8  43. Rb8+   Ke7   1/2-1/2

[Event "Esbjerg Skak 100 aar 2022 - Weekend"]
[Site "Esbjerg"]
[Date "2022.10.21"]
[Round "2.8"]
[White "Jansen, Jesper Billeskov"]
[Black "Eriksson, Christian Altenburg"]
[Result "1-0"]
[WhiteElo "1906"]
[BlackElo "2160"]
[EventDate "2022.10.21"]
[EventType "swiss"]
[EventRounds "7"]
[EventCountry "DEN"]

1. e4   c5   2. Nf3   Nc6 
 3. d4   cxd4   4. c3   Nf6
  5. e5  
Nd5   6. cxd4   d6   7. Bc4 
 dxe5   8. dxe5   Nb6   9. Qxd8+
  Nxd8   10.
Bb3   Nc6  
11. O-O   Bg4   12. Re1   e6 
 13. Nc3   Bb4   14. Bf4   Bxf3
  15. gxf3   g5   16. Bd2 
 Rd8   17. Rad1   Nd4   18. Kg2
  Nxb3   19.
axb3   h6  
20. Re4   Be7   21. Be3   O-O 
 22. Bxb6   axb6   23. Red4   Rxd4
  24. Rxd4   Rd8   25. Rxd8+ 
 Bxd8   26. Ne4   Bc7   27. Nf6+
  Kf8   28.
Kh3   Ke7  
29. Ng8+   Kf8   30. Nf6   Bd8 
 31. Kg4   Kg7   32. Ne8+   Kg6
  33. Nd6  
Bc7   34. f4   f5+   35. Kf3 
 Kg7   36. Ne8+   Kf7   37. Nxc7
  g4+   38.
Ke3   Ke7  
39. Nb5   Kd7   40. Nd6   Kc6 
 41. Kd4   b5   42. b4   h5
  43. Ne8  
h4   44. Ng7   Kd7   45. Kc5 
 Ke7   46. Kxb5   Kf7   47. Nh5
  1-0

[Event "Esbjerg Skak 100 aar 2022 - Weekend"]
[Site "Esbjerg"]
[Date "2022.10.21"]
[Round "3.1"]
[White "Pedersen, Nicolai Vesterbaek"]
[Black "Loveid, Erik"]
[Result "1-0"]
[WhiteElo "2367"]
[BlackElo "1913"]
[EventDate "2022.10.21"]
[EventType "swiss"]
[EventRounds "7"]
[EventCountry "DEN"]

1. d4   d5   2. c4   c6 
 3. Nf3   Nf6   4. e3   e6
  5. Bd3  
Nbd7   6. O-O   Bd6   7. Nc3 
 dxc4   8. Bxc4   O-O   9. e4
  e5   10.
h3   b5  
11. Bd3   h6   12. Be3   Bb7 
 13. Qc2   a6   14. dxe5   Nxe5
  15. Nxe5   Bxe5   16. Rae1 
 Re8   17. f4   Bd4   18. e5
  Bxe3+  
19. Rxe3   Qd4   20. Qf2   Rad8 
 21. Rd1   Qb6   22. Rde1   Nd5
  23. Nxd5   Rxd5   24. Be4 
 Rd4   25. Qf3   Red8   26. f5
  Qc5   27.
f6   gxf6  
28. exf6   Qg5   29. Qf2   Rd2 
 30. Bb1   Kf8   31. Qxd2   1-0

[Event "Esbjerg Skak 100 aar 2022 - Weekend"]
[Site "Esbjerg"]
[Date "2022.10.21"]
[Round "3.2"]
[White "Boe, Mads"]
[Black "Sorensen, Reto Utiger"]
[Result "1-0"]
[WhiteElo "2299"]
[BlackElo "1988"]
[EventDate "2022.10.21"]
[EventType "swiss"]
[EventRounds "7"]
[EventCountry "DEN"]

1. d4   Nf6   2. Nf3   g6 
 3. Bg5   Bg7   4. e3   d6
  5. Nbd2  
a6   6. Bd3   c5   7. c3 
 O-O   8. O-O   b5   9. a4
  c4   10.
Bc2   Bb7  
11. e4   Qc7   12. Re1   e5 
 13. h3   Nbd7   14. Nf1   Rfe8
  15. Ng3  
Qb6   16. Qd2   Nf8   17. Rad1 
 Bc6   18. dxe5   dxe5   19. Be3
  Qb7   20.
axb5   axb5   21. Bc5   N8d7 
 22. Bd6   h6   23. Qe3   Re6
  24. Nh2  
Ne8   25. Ba3   Qb6   26. Ng4 
 Qxe3   27. Nxe3   Nb6  28. Nd5 
 Rb8   29. Nf1   Bf8  30. Bxf8 
 Kxf8   31. Nfe3   Na4   32. Bxa4
  bxa4   33.
Nxc4   Bb5   34. Nce3   Ra6 
 35. Nb4   Raa8   36. Rd5   a3
  37. bxa3   Rxa3   38. Rc1 
 f6   39. Rc5   Nd6   40. f3
  Nf7   41.
Nbd5   Kg7   42. Rb1   1-0

[Event "Esbjerg Skak 100 aar 2022 - Weekend"]
[Site "Esbjerg"]
[Date "2022.10.21"]
[Round "3.3"]
[White "Easwaralingam, Adesh"]
[Black "Jansen, Jesper Billeskov"]
[Result "1-0"]
[WhiteElo "2161"]
[BlackElo "1906"]
[EventDate "2022.10.21"]
[EventType "swiss"]
[EventRounds "7"]
[EventCountry "DEN"]

1. e4   c5   2. Nf3   d6 
 3. Bb5+   Nc6   4. O-O   Bd7
  5. Re1  
a6   6. Bc4   b5   7. Bf1 
 Bg4   8. c3   e6   9. d4
  cxd4   10.
cxd4   Bxf3   11. gxf3   Be7 
 12. Be3   Nf6   13. a4   b4
  14. Nd2  
O-O   15. Rc1   Na5   16. Bd3 
 d5   17. Qc2   Rc8   18. Qb1
  h6   19.
Bxa6   Rxc1   20. Rxc1   Qb6 
 21. Bb5   Rd8   22. Qc2   Ne8
  23. e5  
f5   24. f4   g5   25. Nf3 
 b3   26. Qd3   g4   27. Nd2
  Qb7   28.
h3   gxh3  
29. Kh2   Kh7   30. Nxb3   Nxb3 
 31. Qxb3   Nc7   32. Qd3   Rb8
  33. Bd2  
Nxb5   34. Qxb5   Qxb5   35. axb5 
Rxb5  36. Rc7   Rxb2  37. Rxe7+   Kg6 
 38. Be3   Kh5   39. Rxe6   Kg4
  40. Rg6+   Kf3   41. Rxh6 
 Rb1   42. Rxh3+   Ke4   43. Rh6
  Re1   44.
e6   1-0

[Event "Esbjerg Skak 100 aar 2022 - Weekend"]
[Site "Esbjerg"]
[Date "2022.10.21"]
[Round "3.4"]
[White "Knudsen, Martin"]
[Black "Rossen, Claus"]
[Result "0-1"]
[WhiteElo "1968"]
[BlackElo "2105"]
[EventDate "2022.10.21"]
[EventType "swiss"]
[EventRounds "7"]
[EventCountry "DEN"]

1. d4   Nf6   2. c4   g6 
 3. Nc3   d5  4. cxd5   Nxd5 
 5. Bd2   Bg7   6. e4   Nb6
  7. Be3  
O-O   8. Be2   Nc6   9. d5 
 Ne5   10. Qb3   c6   11. Nf3
  cxd5   12.
exd5   Bd7   13. O-O   Rc8 
 14. Nxe5   Bxe5   15. Rfd1   Bxc3
  16. Bxb6   Qxb6   17. Qxb6 
 axb6   18. bxc3   Rxc3   19. Rd2
  Rfc8   20.
f4   e6  
21. dxe6   Bxe6   22. Kf2   Rc2 
 23. Ke3   Kg7   24. Bd3   R2c3
  25. Rb1  
Rd8   26. Rbd1   Kf6   27. h3 
 h5   28. Ke2   Re8   29. Kf2
  Ra8   30.
Bb1   Rca3   31. Rd6   R8a6 
 32. R1d2   Ke7   33. Bd3   b5
  34. Rd4  
R6a4   35. Bxb5   Rxd4   36. Rxd4 
 Rxa2+  37. Kf3   Rb2   38. Bd3 
 b5   39. g4  hxg4+   40. hxg4 
 Rb3   41. Ke4   Bxg4   42. Kd5
  Bd7   43.
Kc5   Rc3+   44. Kb4   Rc1 
0-1

[Event "Esbjerg Skak 100 aar 2022 - Weekend"]
[Site "Esbjerg"]
[Date "2022.10.21"]
[Round "3.5"]
[White "Zander, Emil"]
[Black "Marthedal, Anton Mehmet Yildiz"]
[Result "1-0"]
[WhiteElo "1874"]
[BlackElo "2061"]
[EventDate "2022.10.21"]
[EventType "swiss"]
[EventRounds "7"]
[EventCountry "DEN"]

1. e4  c5   2. Nf3   d6   3. d4
 cxd4   4. Nxd4   Nf6   5. Nc3
  a6   6.
f3   e5   7.
Nb3   h5  
8. Bg5   Be7   9. Qd2   Be6 
 10. O-O-O   Nbd7   11. Kb1   b5
  12. h4  
Nb6   13. f4   Nc4   14. Bxc4 
 Bxc4   15. fxe5   dxe5   16. Qe3
  Qc7   17.
Bxf6   Bxf6   18. Nd5   Bxd5 
 19. Rxd5   O-O   20. Rhd1   Rad8
  21. g3  
Rxd5   22. exd5   Rc8   23. c3 
 Rd8   24. Qe4   Qb6   25. Qf3
  b4   26.
c4   a5  
27. c5   Qb5   28. Qd3   Qxd3+ 
 29. Rxd3   e4   30. Rd1   e3
  31. d6  
Be5   32. Nxa5   Bxg3   33. Nb7 
 e2   34. Rc1   Re8   35. c6
  e1=Q   36.
Rxe1   Rxe1+   37. Kc2   Bxd6 
 38. Nxd6   Re7   39. Nb5   Re8
  40. Nd6  
Re5   41. Nb7   Re6  42. Na5  Re7   43. a3   bxa3
  44. b4  
Ra7   45. Nb3   Kf8   46. b5 
 Ke7   47. b6   Ra6   48. c7
 Kd7   49. Nc5+  Kc8   50. Nxa6 
 f5   51. Nc5   f4   52. Ne4
  f3   53.
Nf2   Kb7  
54. Kb3   1-0

[Event "Esbjerg Skak 100 aar 2022 - Weekend"]
[Site "Esbjerg"]
[Date "2022.10.21"]
[Round "3.6"]
[White "Borsus, Bogdan"]
[Black "Friis, Henrik"]
[Result "1-0"]
[WhiteElo "2170"]
[BlackElo "1820"]
[EventDate "2022.10.21"]
[EventType "swiss"]
[EventRounds "7"]
[EventCountry "DEN"]

1. e4   c5   2. Nf3   Nc6 
 3. c3   e5   4. Bc4   Be7
  5. d4  
cxd4   6. cxd4   d6   7. d5 
 Nb8   8. Nc3   f5   9. exf5
  Bxf5   10.
Bd3   Bg4  
11. Qa4+   Qd7   12. Bb5   Qd8  13.
Ng1+  Bd7 14. Nb1 1-0